[Event "89154 VIII. Rakosmente Open"]
[Site "Budapest, Hungary"]
[Date "2013.12.01"]
[Round "5.9"]
[White "Xiao Hu, Chen"]
[Black "Szoukup, Istvan"]
[Result "0-1"]
[WhiteElo "1424"]
[BlackElo "1833"]
[PlyCount "70"]

1. e4 e5 2. Nf3 Nc6 3. Bc4 Bc5 4. Nc3 Nf6 5. d3 h6 6. Be3 Nd4 7. Bxd4 exd4 8.
Na4 Bb4+ 9. c3 dxc3 10. bxc3 Ba5 11. Qb3 O-O 12. O-O d6 13. e5 d5 14. exf6 dxc4
15. Qxc4 Qxf6 16. Nd4 c6 17. Qb3 Bc7 18. Nc5 Qe5 19. f4 Qxc5 20. f5 Qd6 21. g3
Bb6 22. Rf4 Bxf5 23. Raf1 Be6 24. Qc2 c5 25. Nf5 Bxf5 26. Rxf5 c4+ 27. d4 Rae8
28. Qf2 Qe7 29. Qb2 Qe3+ 30. Kh1 Qe4+ 31. Kg1 Qd3 32. Qa3 Re2 33. Qd6 Qe3+ 34.
Kh1 Qe4+ 35. R5f3 Qc2 0-1

[Event "89154 VIII. Rakosmente Open"]
[Site "Budapest, Hungary"]
[Date "2013.12.01"]
[Round "5.10"]
[White "Pentek, Aladar"]
[Black "Karacsonyi, Gellert"]
[Result "0-1"]
[WhiteElo "2013"]
[BlackElo "1782"]
[PlyCount "35"]

1. d4 f5 2. Nf3 Nf6 3. g3 g6 4. Bg2 Bg7 5. O-O O-O 6. Nbd2 d6 7. c4 Qe8 8. Qc2
e5 9. dxe5 dxe5 10. e4 Nc6 11. c5 fxe4 12. Nxe4 Bf5 13. Nh4 Nxe4 14. Nxf5 gxf5
15. Bxe4 fxe4 16. Qxe4 Rd8 17. Be3 Nd4 18. Rad1 0-1

[Event "89154 VIII. Rakosmente Open"]
[Site "Budapest, Hungary"]
[Date "2013.12.01"]
[Round "5.11"]
[White "Kovacs, Gabor Etele"]
[Black "Abraham, Lajos"]
[Result "1-0"]
[WhiteElo "1631"]
[BlackElo "1806"]
[PlyCount "109"]

1. e4 e5 2. Nf3 Nc6 3. Bb5 a6 4. Bxc6 dxc6 5. O-O Bg4 6. h3 Bxf3 7. Qxf3 Nf6 8.
d3 h6 9. Nd2 Bd6 10. Nc4 b5 11. Na5 c5 12. Be3 c6 13. Nb7 Qe7 14. Nxd6+ Qxd6
15. Rfe1 Nd7 16. Qg3 g5 17. Rad1 Qe6 18. a3 O-O-O 19. f3 f6 20. c3 h5 21. d4
Rdg8 22. dxc5 Kc7 23. Rd6 Qc4 24. Red1 Rh7 25. h4 gxh4 26. Qh3 Rgg7 27. Qxh4
Qe2 28. Qf2 Qxf2+ 29. Kxf2 Rf7 30. Re6 f5 31. exf5 Rxf5 32. Rdd6 Nb8 33. Re8 e4
34. Rxe4 Rd5 35. Bf4 Kb7 36. Re8 Rxd6 37. cxd6 Nd7 38. Re7 Rxe7 39. dxe7 Nf6
40. Bg3 Ne8 41. f4 Kc8 42. f5 Kd7 43. f6 Ke6 44. Kf3 Kf7 45. Kf4 Ke6 46. Ke4 a5
47. Kd4 Kf7 48. Kc5 b4 49. cxb4 axb4 50. Kxc6 bxa3 51. bxa3 Ke6 52. a4 Nd6 53.
a5 Ne8 54. a6 Kf7 55. a7 1-0

[Event "89154 VIII. Rakosmente Open"]
[Site "Budapest, Hungary"]
[Date "2013.12.01"]
[Round "6.1"]
[White "Terbe, Zsuzsanna"]
[Black "Fodor, Balazs"]
[Result "1-0"]
[WhiteElo "1985"]
[BlackElo "1882"]
[PlyCount "101"]

1. c4 c5 2. Nc3 Nc6 3. g3 e5 4. Bg2 Nge7 5. e4 d6 6. Nge2 g6 7. O-O Bg7 8. d3
Be6 9. Nd5 O-O 10. Nec3 Qd7 11. Be3 Nd4 12. Rb1 Nec6 13. a3 Rab8 14. b4 b6 15.
b5 Nd8 16. Qd2 Bxd5 17. Nxd5 N8e6 18. a4 Nc7 19. Nxc7 Qxc7 20. Rb2 Ne6 21. Ra2
Qe7 22. a5 Kh8 23. Ra3 Ra8 24. Qa2 Qb7 25. f4 f6 26. Bh3 Nd8 27. axb6 Qxb6 28.
Ra6 Qb8 29. fxe5 fxe5 30. Rxf8+ Bxf8 31. Bg5 h6 32. Bxd8 Qxd8 33. Rxa7 Rxa7 34.
Qxa7 Qg5 35. Qf7 Be7 36. Qf2 Bd8 37. Kg2 Kg7 38. Bd7 Qe7 39. Bc6 Qf6 40. Qb2
Bb6 41. Qa2 Qg5 42. Qe2 Qe7 43. Bd5 Qg5 44. h4 Qe7 45. Qg4 Ba5 46. Qc8 Bd8 47.
Qc6 g5 48. hxg5 Qxg5 49. Qxd6 Qd2+ 50. Kh3 Bg5 51. Qd7+ 1-0

[Event "89154 VIII. Rakosmente Open"]
[Site "Budapest, Hungary"]
[Date "2013.12.01"]
[Round "6.2"]
[White "Bodrogi, Laszlo"]
[Black "Kovacs, Marton"]
[Result "1/2-1/2"]
[WhiteElo "2014"]
[BlackElo "2139"]
[PlyCount "109"]

1. d4 d5 2. c4 c6 3. Nc3 Nf6 4. Bg5 Ne4 5. Nxe4 dxe4 6. g3 h6 7. Be3 Nd7 8. f3
Nf6 9. Bg2 Bf5 10. Nh3 e6 11. Qb3 Qb6 12. Qxb6 axb6 13. O-O g5 14. Nf2 exf3 15.
exf3 Bg7 16. Rfd1 O-O 17. Rd2 Ra4 18. b3 Ra5 19. Rc1 b5 20. cxb5 Nd5 21. Nd1
cxb5 22. Bf2 Rfa8 23. Ne3 Nxe3 24. Bxe3 Rxa2 25. Rxa2 Rxa2 26. h4 gxh4 27. Rc8+
Kh7 28. g4 Bd3 29. Rc3 Be2 30. Rc7 h3 31. Bxh3 Bxf3 32. Rxf7 Bd5 33. Bf1 Kg8
34. Rc7 Ra1 35. Kf2 Ra2+ 36. Ke1 Rb2 37. Rc8+ Kf7 38. Bxb5 Rxb3 39. Be8+ Ke7
40. Kd2 Rb4 41. Rc7+ Kxe8 42. Rxg7 Rb2+ 43. Kc3 Rb3+ 44. Kd2 Rb2+ 45. Kc3 Rh2
46. Bf4 Rh3+ 47. Kb4 b6 48. Kb5 Rb3+ 49. Ka4 Rd3 50. Be5 Bc6+ 51. Kb4 Bd5 52.
Rh7 Bf3 53. Rg7 Bd5 54. Rh7 Bf3 55. Rg7 1/2-1/2

[Event "89154 VIII. Rakosmente Open"]
[Site "Budapest, Hungary"]
[Date "2013.12.01"]
[Round "6.3"]
[White "Mezei, Csaba"]
[Black "Terbe, Julianna"]
[Result "1-0"]
[WhiteElo "2135"]
[BlackElo "1995"]
[PlyCount "65"]

1. d4 g6 2. f4 Bg7 3. Nf3 d6 4. e4 Nf6 5. Bd3 c5 6. c3 O-O 7. O-O Nbd7 8. Re1
cxd4 9. cxd4 Qb6 10. Qb3 Ng4 11. Qxb6 axb6 12. h3 Nh6 13. Nc3 e6 14. Nb5 d5 15.
e5 Nb8 16. Bd2 Bd7 17. g4 Nc6 18. b3 Kh8 19. a4 Na5 20. Rab1 Rfc8 21. Nd6 Rc7
22. f5 Be8 23. f6 Bf8 24. Kf2 Rd8 25. Ke2 Ng8 26. g5 Nc6 27. Rec1 Rcd7 28. b4
Bxd6 29. exd6 Rxd6 30. b5 Na5 31. Bxa5 bxa5 32. Ne5 h6 33. Rc7 1-0

[Event "89154 VIII. Rakosmente Open"]
[Site "Budapest, Hungary"]
[Date "2013.12.01"]
[Round "6.4"]
[White "Yip, Michael"]
[Black "Marta, Dominik"]
[Result "0-1"]
[WhiteElo "2001"]
[BlackElo "1938"]
[PlyCount "56"]

1. d4 Nf6 2. c4 g6 3. Nc3 Bg7 4. Nf3 O-O 5. e4 d6 6. Be2 Nbd7 7. O-O e5 8. Re1
h6 9. Rb1 Ne8 10. Bf1 a5 11. a3 c6 12. b4 axb4 13. axb4 Nc7 14. d5 c5 15. bxc5
Nxc5 16. Nd2 f5 17. exf5 Bxf5 18. Nce4 N7a6 19. Rb5 Bxe4 20. Nxe4 Nxe4 21. Rxe4
Nc5 22. Re1 Qf6 23. Be3 e4 24. Qd2 g5 25. Rbb1 Ra3 26. Bxc5 dxc5 27. Rxe4 Qf5
28. Rd1 Qxe4 0-1

[Event "89154 VIII. Rakosmente Open"]
[Site "Budapest, Hungary"]
[Date "2013.12.01"]
[Round "6.5"]
[White "Suranyi, Pal"]
[Black "Szoukup, Helga"]
[Result "1-0"]
[WhiteElo "2118"]
[BlackElo "1864"]
[PlyCount "47"]

1. d4 Nf6 2. Nf3 g6 3. c4 d5 4. cxd5 Nxd5 5. e4 Nf6 6. Nc3 Bg7 7. h3 Nbd7 8.
Be3 O-O 9. Bc4 b6 10. e5 Ne8 11. e6 fxe6 12. Ng5 Ndf6 13. Bxe6+ Kh8 14. Nf7+
Rxf7 15. Bxf7 Nd6 16. Bb3 Nf5 17. Qf3 Ba6 18. O-O-O Rb8 19. Rhg1 Bb7 20. Qe2
Nd5 21. Bxd5 Bxd5 22. Bf4 Nxd4 23. Rxd4 Bxd4 24. Be5+ 1-0

[Event "89154 VIII. Rakosmente Open"]
[Site "Budapest, Hungary"]
[Date "2013.12.01"]
[Round "6.6"]
[White "Szoukup, Istvan"]
[Black "Karacsonyi, Gellert"]
[Result "1/2-1/2"]
[WhiteElo "1833"]
[BlackElo "1782"]
[PlyCount "142"]

1. d4 f5 2. Nf3 Nf6 3. g3 g6 4. Bg2 Bg7 5. O-O O-O 6. c4 d6 7. Nc3 Qe8 8. Qb3
Kh8 9. Ng5 c6 10. d5 c5 11. Ne6 Bxe6 12. dxe6 Nc6 13. Qxb7 Rc8 14. Nb5 Nb4 15.
Bf4 a6 16. Nc7 Qd8 17. Nxa6 Nxa6 18. Qxa6 Rb8 19. Rab1 Nh5 20. Bc1 f4 21. g4
Nf6 22. h3 Ne8 23. Bd5 Nc7 24. Qa5 Nxe6 25. Qxd8 Nxd8 26. b3 e6 27. Bg2 g5 28.
Bb2 Bxb2 29. Rxb2 Nf7 30. Rd1 Rbd8 31. a4 Ne5 32. a5 Rf7 33. a6 Ra7 34. Bb7 Rd7
35. Ra2 Nf7 36. Ra5 Rc7 37. Rb5 Kg7 38. Rb6 Re7 39. Ra1 Kf6 40. Ra4 h6 41. Rc6
Nd8 42. Rxd6 Nxb7 43. axb7 Raxb7 44. Rd3 Re8 45. Ra6 Reb8 46. Rdd6 Re8 47. Rab6
Rxb6 48. Rxb6 Ke5 49. Kf1 Kd4 50. Ke1 Ke5 51. Kd2 Rd8+ 52. Kc2 f3 53. exf3 Rf8
54. Rc6 Rxf3 55. Rxc5+ Kd6 56. Rc8 Rxf2+ 57. Kb1 Rf3 58. c5+ Kd7 59. Rb8 Rxh3
60. Ka2 e5 61. Rh8 e4 62. Kb2 e3 63. Kc3 e2+ 64. Kd2 Rxb3 65. Kxe2 Rg3 66. Rxh6
Rxg4 67. Kf3 Rc4 68. Rd6+ Kc7 69. Rd5 Kc6 70. Rxg5 Rxc5 71. Rxc5+ Kxc5 1/2-1/2

[Event "89154 VIII. Rakosmente Open"]
[Site "Budapest, Hungary"]
[Date "2013.12.01"]
[Round "6.7"]
[White "Czimer, Jozsef"]
[Black "Cserveni, Laszlo"]
[Result "1-0"]
[WhiteElo "1720"]
[BlackElo "1623"]
[PlyCount "94"]

1. e4 c5 2. c3 Nc6 3. Nf3 e6 4. Bb5 d5 5. Qe2 a6 6. Bxc6+ bxc6 7. O-O Bd6 8. e5
Bc7 9. d3 a5 10. Nbd2 Bb6 11. c4 d4 12. Ne4 Ne7 13. Nd6+ Kf8 14. Ng5 Qd7 15.
Ngxf7 Kg8 16. Ng5 h6 17. Nge4 Ba6 18. f4 Rf8 19. b3 Nf5 20. g4 Nxd6 21. exd6
Bc8 22. h3 Kh7 23. Bd2 Rhg8 24. Kg2 Rf7 25. Rf3 Rgf8 26. Raf1 Qa7 27. a4 Bd7
28. Qe1 Rb8 29. Bc1 Bd8 30. Nd2 Rb7 31. Ba3 Bb6 32. Qe5 g6 33. Rb1 Rb8 34. Ne4
Rbf8 35. Bxc5 Bxc5 36. Qxc5 Qxc5 37. Nxc5 Bc8 38. Rbf1 h5 39. Kg3 Kg7 40. gxh5
Rf5 41. Ne4 Rxh5 42. h4 c5 43. Ng5 Kf6 44. R3f2 Rd8 45. Re1 Bd7 46. Rh2 Rb8 47.
Ne4+ Kf7 1-0

[Event "89154 VIII. Rakosmente Open"]
[Site "Budapest, Hungary"]
[Date "2013.12.01"]
[Round "6.8"]
[White "Toth-Katona, Tamas"]
[Black "Kovacs, Gabor Etele"]
[Result "1-0"]
[WhiteElo "1895"]
[BlackElo "1631"]
[PlyCount "45"]

1. e4 e6 2. d4 d5 3. Nd2 dxe4 4. Nxe4 Nd7 5. Nf3 Ngf6 6. Ng3 Be7 7. Bd3 O-O 8.
O-O b6 9. Re1 Bb7 10. Ne5 c5 11. c3 cxd4 12. cxd4 Rc8 13. Be3 Nd5 14. Nh5 Nb4
15. Qg4 Bf6 16. Bh6 Nxe5 17. dxe5 Bg5 18. Bxh7+ Kxh7 19. Bxg5 Qd5 20. f3 Nc2
21. Nf6+ gxf6 22. Qh5+ Kg8 23. Bxf6 1-0

[Event "89154 VIII. Rakosmente Open"]
[Site "Budapest, Hungary"]
[Date "2013.12.01"]
[Round "6.9"]
[White "Bolyai, Istvan"]
[Black "Szonyi, Bence"]
[Result "1-0"]
[WhiteElo "1977"]
[BlackElo "1660"]
[PlyCount "73"]

1. e4 d5 2. exd5 Qxd5 3. Nf3 Bg4 4. Be2 Nc6 5. O-O O-O-O 6. c3 e5 7. b4 f5 8.
h3 Bxf3 9. Bxf3 e4 10. Be2 Bd6 11. d4 exd3 12. Bxd3 Qe5 13. f4 Qf6 14. a3 Nge7
15. Qc2 h6 16. Bb2 Rhg8 17. Nd2 g5 18. fxg5 Qxg5 19. Nf3 Qe3+ 20. Kh1 Ne5 21.
Bxf5+ Kb8 22. Bc1 Qb6 23. Nd4 Nxf5 24. Nxf5 h5 25. c4 c5 26. Be3 Nd7 27. Nxd6
Qxd6 28. Bf4 Ne5 29. Rae1 Rde8 30. Qe4 Ka8 31. Bxe5 Qe7 32. Qd5 Rd8 33. Qf7 Qg5
34. Rf2 Rde8 35. Rfe2 Rxe5 36. Qxg8+ Qxg8 37. Rxe5 1-0

[Event "89154 VIII. Rakosmente Open"]
[Site "Budapest, Hungary"]
[Date "2013.12.01"]
[Round "6.10"]
[White "Pentek, Aladar"]
[Black "Xiao Hu, Chen"]
[Result "0-1"]
[WhiteElo "2013"]
[BlackElo "1424"]
[PlyCount "93"]

1. d4 Nf6 2. c4 g6 3. Nf3 Bg7 4. Nc3 d6 5. Bg5 Bf5 6. Nh4 Bc8 7. Bxf6 Bxf6 8.
Nf3 Nd7 9. e3 c5 10. Be2 O-O 11. O-O Bg7 12. Re1 e5 13. dxe5 dxe5 14. e4 Nf6
15. Qxd8 Rxd8 16. Rad1 Be6 17. b3 Bd7 18. Bd3 Re8 19. Bc2 Bc6 20. Rd6 Nh5 21.
Rdd1 Nf4 22. g3 Ne6 23. Nd5 Rad8 24. Rd2 Nd4 25. Nxd4 exd4 26. Bd3 Rd7 27. Rde2
Kf8 28. g4 Re5 29. h4 g5 30. h5 Rd8 31. Kg2 Bd7 32. f3 f6 33. Kg3 Kf7 34. h6
Bf8 35. Rh1 Bd6 36. Kg2 f5 37. gxf5 Rde8 38. Kf2 Bc6 39. Rh5 Bxd5 40. cxd5 Kf6
41. Re1 Rg8 42. Rg1 Re7 43. Rg4 Bf4 44. Rh1 Rd7 45. Ke2 Rd6 46. Rhg1 Ke5 47.
Rb1 0-1

[Event "89154 VIII. Rakosmente Open"]
[Site "Budapest, Hungary"]
[Date "2013.12.01"]
[Round "6.11"]
[White "Karacsonyi, Kata"]
[Black "Ladanyi, Gyula"]
[Result "0-1"]
[WhiteElo "1300"]
[BlackElo "1855"]
[PlyCount "96"]

1. e4 e5 2. Nf3 Nc6 3. Bb5 a6 4. Bxc6 dxc6 5. O-O f6 6. d4 exd4 7. Nxd4 c5 8.
Nb3 Qxd1 9. Rxd1 Bg4 10. f3 Bd7 11. Bf4 O-O-O 12. Nc3 c4 13. Na5 b5 14. Nd5
Bc5+ 15. Kh1 Bb6 16. b4 g5 17. Bg3 h5 18. Be1 Ba7 19. Bc3 Rh6 20. a4 c6 21.
Bxf6 Nxf6 22. Ne7+ Kc7 23. axb5 cxb5 24. e5 Ng8 25. Nd5+ Kc8 26. Nc3 Re6 27.
Ne4 Rxe5 28. Nd6+ Kc7 29. Nf7 Rde8 30. Nxe5 Rxe5 31. Rd2 Be3 32. Re1 Bf4 33.
Rxe5 Bxe5 34. Rd5 Bf6 35. Kg1 Ne7 36. Rd1 Bf5 37. Rc1 Bc3 38. Rb1 Bxc2 39. Rc1
Bd4+ 40. Kf1 Bd3+ 41. Ke1 Nd5 42. h3 Nxb4 43. Nb3 Bb2 44. Rd1 Bc2 45. Nd2 Nd3+
46. Ke2 Bxd1+ 47. Kxd1 c3 48. Ne4 Nb4 0-1